Cómo hacer una tesis en derecho: curso de metodología de la investigacion jurídica

Zapisane w:
Opis bibliograficzny
1. autor: Corral Talciani, Hernán Felipe (autor)
Format: Książka
Język:hiszpański
Wydane: Santiago, Chile: Jurídica 2008
Wydanie:Primera edición
Seria:Colección Manuales Jurídicos, 121
Hasła przedmiotowe:
Etykiety: Dodaj etykietę
Nie ma etykietki, Dołącz pierwszą etykiete!

MARC

LEADER 00000nam a2200000 a 4500
001 UCI7369
003 CL-VaPUC
005 20250313100757.0
008 080626e20080000CL |||||||||||||||||spa|d
999 |c 330664  |d 330662 
020 |a 9789561018600 
040 |c Pontificia Universidad Católica de Valparaíso 
082 0 4 |a 001.42 COR 2008  |2 21 
100 1 |a Corral Talciani, Hernán Felipe  |e autor  |9 896748 
245 1 0 |a Cómo hacer una tesis en derecho: curso de metodología de la investigacion jurídica 
250 |a Primera edición 
260 |a Santiago, Chile:  |b Jurídica  |c 2008 
300 |a 214 páginas 
490 0 |a Colección Manuales Jurídicos, 121 
583 |a last modification  |c 20170612 01:06:46  |k Rodrigo Vera 
650 0 |a Investigación científica  |9 259857 
650 0 |a Metodología jurídica  |9 394955 
650 7 |a Metodología científica  |9 261770 
650 0 |a Teoría del derecho  |9 255982 
942 |c BK  |2 ddc 
945 |d 20080626 00:00:00  |a jtorresc 
952 |0 0  |1 0  |2 ddc  |4 0  |6 001_420000000000000_COR_2008  |7 0  |8 A  |9 416339  |a BIBDER  |b BIBDER  |d 2019-11-22  |i 4452291  |l 1  |o 001.42 COR 2008  |p 4452291  |r 2023-01-25  |s 2022-07-11  |w 2019-11-22  |y BK  |k DER 
952 |0 0  |1 0  |2 ddc  |4 0  |6 001_420000000000000_COR_2008  |7 0  |8 A  |9 416340  |a BIBDER  |b BIBDER  |d 2019-11-22  |i 4470966  |o 001.42 COR 2008  |p 4470966  |r 2023-01-25  |w 2019-11-22  |y BK  |k DER 
952 |0 0  |1 0  |4 0  |6 001_420000000000000_COR_2008  |7 0  |8 A  |9 416341  |a BIBDER  |b BIBDER  |d 2019-11-22  |i 4597087  |o 001.42 COR 2008  |p 4597087  |r 2023-01-25  |w 2019-11-22  |y BK  |k DER 
952 |0 0  |1 0  |4 0  |6 001_420000000000000_COR_2008  |7 0  |8 A  |9 416342  |a BIBDER  |b BIBDER  |d 2019-11-22  |i 4597095  |l 1  |m 5  |o 001.42 COR 2008  |p 4597095  |q 2025-12-31  |r 2020-02-27  |s 2020-02-27  |w 2019-11-22  |y BK  |k DER 
952 |0 0  |1 0  |4 0  |6 001_420000000000000_COR_2008  |7 0  |8 A  |9 416343  |a BIBDER  |b BIBDER  |d 2019-11-22  |i 4597109  |l 2  |m 2  |o 001.42 COR 2008  |p 4597109  |r 2024-01-24  |s 2024-01-02  |w 2019-11-22  |y BK  |k DER 
952 |0 0  |1 0  |4 0  |6 001_420000000000000_COR_2008  |7 0  |8 A  |9 416344  |a BIBDER  |b BIBDER  |d 2019-11-22  |i 4597117  |o 001.42 COR 2008  |p 4597117  |r 2023-01-25  |w 2019-11-22  |y BK  |k DER 
952 |0 0  |1 0  |4 0  |6 001_420000000000000_COR_2008  |7 0  |8 A  |9 416345  |a BIBDER  |b BIBDER  |d 2019-11-22  |i 4597125  |l 1  |o 001.42 COR 2008  |p 4597125  |r 2023-03-21  |s 2023-03-21  |w 2019-11-22  |y BK  |k DER